00565nam a2200157 a 450000100100000000500170001000800410002704000250006811000480009324500720014126000430021330000200025604900090027695201050028599900170039000002668020200930030342.0110324s1999 dr 000 0 spa d aDO-SdBNPbspacBNPHU1 aRepública DminicanabBanco Central95379810aEncuesta nacional de opinión empresarial al sector manufacturero. aSanto Domingo :bBanco Central,c1999. a19 p. ;c28 cm. aBNPD 0010718PDaPDbPDcCTd2011-03-24iLF1l0o p26680-10r2020-06-25w2020-06-25yLFPDZNo se presta c26172d26172